Name the Sports Logos - Statistics

General Stats
  • This quiz has been taken 175 times
  • The average score is 13 of 16
Answer Stats
Picture Answer % Correct
Lakers
98%
Eagles
97%
Steelers
94%
Jets
92%
49ers
90%
Kings
88%
Dodgers
87%
Mavericks
87%
Oilers
86%
Maple Leafs
84%
Pelicans
83%
Brewers
81%
Giants
77%
Athletics
72%
Capitals
72%
Senators
60%
No matching quizzes found
Score Distribution
Percent of People with Each Score
Percentile by Number Answered
Your Score History
You have not taken this quiz